[Event "St Petersburg Korchnoi Memorial op"]
[Site "St Petersburg"]
[Date "2024.08.17"]
[Round "2"]
[White "Slastikhin, Vladislav"]
[Black "Gulyan, Artur"]
[Result "1-0"]
[WhiteElo "2031"]
[BlackElo "1710"]
[PlyCount "129"]
[EventDate "2024.08.17"]
[EventType "swiss"]
[EventRounds "9"]
[EventCountry "RUS"]
[SourceTitle "CBM 221 Extra"]
[Source "ChessBase"]
[SourceDate "2024.09.30"]
[SourceVersion "1"]
[SourceVersionDate "2024.09.30"]
[SourceQuality "1"]

1. e4 c5 2. c3 d5 3. exd5 Qxd5 4. d4 Nf6 5. Nf3 Bg4 6. Nbd2 e6 7. Bc4 Qc6 8. a4 Nbd7 9. Bb5 Qd5 10. h3 Bxf3 11. Nxf3 cxd4 12. 0-0 a6 13. c4 Qd6 14. Bxd7+ Qxd7 15. Qxd4 Qxd4 16. Nxd4 0-0-0 17. Be3 Bc5 18. Nxe6 fxe6 19. Bxc5 Ne4 20. Be3 Rd3 21. b4 Nd2 22. Bxd2 Rxd2 23. Rae1 Re8 24. Re4 Ra2 25. a5 Rb2 26. c5 Rd2 27. Rfe1 Kd7 28. Rf4 Re7 29. Re5 Rd1+ 30. Kh2 Rd5 31. Re2 e5 32. Rfe4 Rd4 33. Rxd4+ exd4 34. Rd2 Re4 35. f3 Rf4 36. Rd3 Kc6 37. g3 Rf7 38. Rxd4 Rxf3 39. Rd6+ Kc7 40. Kg2 Rf7 41. h4 g6 42. Rb6 Rf5 43. g4 Rf7 44. Kg3 Rf1 45. c6 bxc6 46. Rxa6 Rg1+ 47. Kf3 Rf1+ 48. Ke3 h5 49. Ra7+ Kb8 50. Rg7 hxg4 51. Rxg6 Rf3+ 52. Kd4 g3 53. Kc5 Kb7 54. Rg7+ Ka6 55. Kxc6 Rc3+ 56. Kd5 Kb5 57. Rb7+ Ka4 58. a6 g2 59. Rg7 Kxb4 60. Rxg2 Rc5+ 61. Kd6 Ra5 62. Rb2+ Kc4 63. Rb6 Rd5+ 64. Kc6 Rd8 65. a7 1-0

[Event "Chigorin Memorial 30th"]
[Site "St Petersburg"]
[Date "2023.10.29"]
[Round "9"]
[White "Slastikhin, Vladislav"]
[Black "Beznosov, Timofey"]
[Result "1-0"]
[WhiteElo "2035"]
[BlackElo "1876"]
[PlyCount "69"]
[EventDate "2023.10.21"]
[EventType "swiss"]
[EventRounds "9"]
[EventCountry "RUS"]
[SourceTitle "CBM 216 Extra"]
[Source "ChessBase"]
[SourceDate "2023.11.30"]
[SourceVersion "1"]
[SourceVersionDate "2023.11.30"]
[SourceQuality "1"]

1. Nf3 Nf6 2. d4 e6 3. c4 b6 4. g3 Ba6 5. Qc2 Bb7 6. Bg2 Be7 7. 0-0 c5 8. d5 exd5 9. cxd5 Nxd5 10. Rd1 Nc6 11. Qa4 Nf6 12. Nc3 0-0 13. g4 Nb4 14. g5 Nfd5 15. Nxd5 Bxd5 16. a3 Bc6 17. Qb3 Na6 18. Ne5 Bxg2 19. Rxd7 Qe8 20. Kxg2 Bxg5 21. Qd5 Bxc1 22. Rxc1 Rc8 23. Rd1 Nc7 24. Qe4 f6 25. Qg4 Ne6 26. Rxg7+ Kh8 27. Rdd7 Qxd7 28. Rxd7 f5 29. Ng6+ Kg8 30. Ne7+ Kh8 31. Qh4 Rf7 32. Ng6+ Kg8 33. Rxf7 Kxf7 34. Ne5+ Kg8 35. e3 1-0

[Event "Chigorin Memorial 30th"]
[Site "St Petersburg"]
[Date "2023.10.25"]
[Round "5"]
[White "Slastikhin, Vladislav"]
[Black "Iudina, Veronika"]
[Result "1/2-1/2"]
[WhiteElo "2035"]
[BlackElo "1720"]
[PlyCount "118"]
[EventDate "2023.10.21"]
[EventType "swiss"]
[EventRounds "9"]
[EventCountry "RUS"]
[SourceTitle "CBM 216 Extra"]
[Source "ChessBase"]
[SourceDate "2023.11.30"]
[SourceVersion "1"]
[SourceVersionDate "2023.11.30"]
[SourceQuality "1"]

1. d4 Nf6 2. Nf3 b6 3. g3 e6 4. Bg2 d5 5. c4 c6 6. 0-0 Be7 7. Nc3 0-0 8. Ne5 Bb7 9. e4 Nbd7 10. Nxc6 Bxc6 11. cxd5 exd5 12. exd5 Bb7 13. d6 Bxg2 14. dxe7 Qxe7 15. Kxg2 Rfd8 16. Qf3 Qb4 17. Rd1 Rac8 18. Rb1 Re8 19. Bf4 Qa5 20. h4 b5 21. a3 b4 22. axb4 Qxb4 23. d5 Ne5 24. Bxe5 Rxe5 25. Rd2 h5 26. d6 Rd8 27. Rbd1 Re6 28. d7 Re7 29. Nd5 Nxd5 30. Rxd5 Qb7 31. Rxh5 Qxf3+ 32. Kxf3 Rexd7 33. Rxd7 Rxd7 34. b4 Rb7 35. b5 a6 36. bxa6 Rb3+ 37. Kg4 Ra3 38. Rb5 Rxa6 39. h5 Kh7 40. Rb7 f6 41. Rb8 Ra4+ 42. f4 Rc4 43. Rb5 Kh6 44. Kf3 Rc3+ 45. Kg2 Rc2+ 46. Kh3 Rc3 47. Kh4 Rc4 48. Rb8 Kh7 49. Rd8 Rb4 50. Re8 Ra4 51. Kg4 Ra3 52. Re4 f5+ 53. Kxf5 Rxg3 54. Re1 Kh6 55. Re8 Kh7 56. h6 g6+ 57. Kf6 Rg4 58. f5 Rf4 59. Re5 Rxf5+ 1/2-1/2

[Event "St Petersburg Korchnoi Memorial op"]
[Site "St Petersburg"]
[Date "2023.08.23"]
[Round "8"]
[White "Dorashava, Viktoryia"]
[Black "Slastikhin, Vladislav"]
[Result "0-1"]
[WhiteElo "1647"]
[BlackElo "2067"]
[PlyCount "66"]
[EventDate "2023.08.18"]
[EventType "swiss"]
[EventRounds "9"]
[EventCountry "RUS"]
[SourceTitle "CBM 216 Extra"]
[Source "ChessBase"]
[SourceDate "2023.11.30"]
[SourceVersion "1"]
[SourceVersionDate "2023.11.30"]
[SourceQuality "1"]

1. d4 Nf6 2. c4 e6 3. Nc3 Bb4 4. f3 d5 5. a3 Bxc3+ 6. bxc3 c5 7. cxd5 Nxd5 8. dxc5 Qa5 9. e4 Nf6 10. Be3 0-0 11. Ne2 e5 12. g4 Nfd7 13. Qc2 Nxc5 14. Ng3 Be6 15. Kf2 Nc6 16. Nf5 Rfd8 17. Be2 Qa4 18. Qxa4 Nxa4 19. Bb5 Nxc3 20. Bxc6 Bxf5 21. Bxb7 Rab8 22. Rhc1 Rd3 23. Rc2 Rxb7 24. gxf5 h5 25. Bd2 Nb5 26. Rc8+ Kh7 27. Bb4 Nd4 28. Ra8 Rc7 29. Ra2 Rxf3+ 30. Kg2 h4 31. Ra1 h3+ 32. Kh1 Rf2 33. Bd6 Nf3 0-1

[Event "St Petersburg Korchnoi Memorial op"]
[Site "St Petersburg"]
[Date "2023.08.21"]
[Round "5"]
[White "Slastikhin, Vladislav"]
[Black "Abramkina, Veranika"]
[Result "0-1"]
[WhiteElo "2067"]
[BlackElo "1732"]
[PlyCount "84"]
[EventDate "2023.08.18"]
[EventType "swiss"]
[EventRounds "9"]
[EventCountry "RUS"]
[SourceTitle "CBM 216 Extra"]
[Source "ChessBase"]
[SourceDate "2023.11.30"]
[SourceVersion "1"]
[SourceVersionDate "2023.11.30"]
[SourceQuality "1"]

1. e4 Nf6 2. e5 Nd5 3. d4 d6 4. Bc4 Nb6 5. Bb3 dxe5 6. Qh5 e6 7. dxe5 a5 8. a4 Na6 9. Nc3 Nc5 10. Bg5 Be7 11. Nf3 Nxb3 12. cxb3 0-0 13. 0-0 Bxg5 14. Rad1 Nd5 15. Nxg5 h6 16. Nge4 b6 17. Rfe1 Bb7 18. Nxd5 Bxd5 19. Nf6+ Kh8 20. Re3 Qe7 21. Rh3 Rfd8 22. Re1 Qf8 23. Qg5 b5 24. Ng4 Kh7 25. Qc1 bxa4 26. bxa4 Ra6 27. Rc3 Qb4 28. h3 Qxa4 29. Rxc7 Rc6 30. Qb1+ Be4 31. Rxe4 Rd1+ 32. Kh2 Rxb1 33. Rxa4 Rxc7 34. Rxa5 Rxb2 35. f3 Rc3 36. Kg3 h5 37. Nh2 Rcc2 38. Nf1 Rxg2+ 39. Kf4 g5+ 40. Ke4 Rb4+ 41. Ke3 Rb3+ 42. Ke4 Re2+ 0-1

[Event "St Petersburg Korchnoi Memorial op"]
[Site "St Petersburg"]
[Date "2023.08.18"]
[Round "1"]
[White "Slastikhin, Vladislav"]
[Black "Merezhko, Nikita"]
[Result "1-0"]
[WhiteElo "2067"]
[BlackElo "1558"]
[PlyCount "27"]
[EventDate "2023.08.18"]
[EventType "swiss"]
[EventRounds "9"]
[EventCountry "RUS"]
[SourceTitle "CBM 216 Extra"]
[Source "ChessBase"]
[SourceDate "2023.11.30"]
[SourceVersion "1"]
[SourceVersionDate "2023.11.30"]
[SourceQuality "1"]

1. e4 c5 2. c3 d5 3. exd5 Qxd5 4. d4 Nc6 5. Nf3 cxd4 6. cxd4 Bg4 7. Nc3 Qe6+ 8. Be3 0-0-0 9. d5 Qf6 10. Qa4 Bxf3 11. gxf3 e5 12. dxc6 Qxc6 13. Nb5 Kd7 14. Rc1 1-0

[Event "Chigorin Memorial 29th"]
[Site "St Petersburg"]
[Date "2022.10.24"]
[Round "3"]
[White "Slastikhin, Vladislav"]
[Black "Bulavin, Alexander"]
[Result "1-0"]
[WhiteElo "2006"]
[BlackElo "2284"]
[PlyCount "65"]
[EventDate "2022.10.22"]
[EventType "swiss"]
[EventRounds "9"]
[EventCountry "RUS"]
[SourceTitle "EXT 2024"]
[Source "ChessBase"]
[SourceDate "2023.10.10"]
[SourceVersion "1"]
[SourceVersionDate "2023.10.10"]
[SourceQuality "1"]

1. e4 e6 2. d4 d5 3. Bd3 dxe4 4. Bxe4 Nf6 5. Bf3 Bd6 6. Ne2 0-0 7. 0-0 Nbd7 8. Nbc3 e5 9. Ng3 exd4 10. Qxd4 Bc5 11. Qc4 Bd6 12. Nce4 Ne5 13. Qc3 Nxf3+ 14. Qxf3 Nxe4 15. Nxe4 Be7 16. Bf4 Qd7 17. Rad1 Qc6 18. Rfe1 Bf5 19. Be5 Bg6 20. Nc3 Qxf3 21. gxf3 Bd8 22. Nd5 c6 23. Ne3 Ba5 24. c3 b5 25. Bd6 Rfd8 26. Be7 Rxd1 27. Rxd1 f6 28. Bc5 Be8 29. Nf5 a6 30. Re1 g6 31. Nd6 Bd7 32. Re7 Bh3 33. Nb7 1-0

[Event "Chigorin Memorial 29th"]
[Site "St Petersburg"]
[Date "2022.10.22"]
[Round "1"]
[White "Zorenko, Ivan A"]
[Black "Slastikhin, Vladislav"]
[Result "0-1"]
[WhiteElo "1342"]
[BlackElo "2006"]
[PlyCount "88"]
[EventDate "2022.10.22"]
[EventType "swiss"]
[EventRounds "9"]
[EventCountry "RUS"]
[SourceTitle "EXT 2024"]
[Source "ChessBase"]
[SourceDate "2023.10.10"]
[SourceVersion "1"]
[SourceVersionDate "2023.10.10"]
[SourceQuality "1"]

1. d4 d5 2. c4 e6 3. Nc3 Nf6 4. Bg5 Be7 5. e3 h6 6. Bh4 0-0 7. Nf3 Ne4 8. Bxe7 Qxe7 9. cxd5 Nxc3 10. bxc3 exd5 11. Bd3 Bg4 12. h3 Bh5 13. Be2 c6 14. Rb1 b5 15. Ne5 Bxe2 16. Qxe2 Qd6 17. 0-0 Nd7 18. Nxd7 Qxd7 19. a4 a6 20. Ra1 f5 21. Rfb1 Rae8 22. axb5 axb5 23. Qd2 f4 24. Re1 f3 25. Kh2 Qc7+ 26. g3 Re4 27. Kh1 Qc8 28. Kh2 Rf5 29. Qd3 Rh5 30. Qf1 Qb8 31. Kh1 Qc8 32. Kh2 Rg4 33. Kg1 Rgg5 34. Kh2 Qg4 35. Ra8+ Kf7 36. Ra7+ Kf6 37. Ra8 Rxh3+ 38. Qxh3 Rh5 39. Qxh5 Qxh5+ 40. Kg1 g5 41. Rf8+ Kg7 42. Rc8 Qh3 43. Rc7+ Kg6 44. Rxc6+ Kh5 0-1

[Event "Chigorin Memorial 28th"]
[Site "St Petersburg"]
[Date "2021.10.31"]
[Round "9"]
[White "Slastikhin, Vladislav"]
[Black "Dragomarezkij, Evgeni"]
[Result "1/2-1/2"]
[WhiteElo "2021"]
[BlackElo "2369"]
[PlyCount "130"]
[EventDate "2021.10.23"]
[EventType "swiss"]
[EventRounds "9"]
[EventCountry "RUS"]
[SourceTitle "EXT 2023"]
[Source "ChessBase"]
[SourceDate "2022.10.05"]
[SourceVersion "1"]
[SourceVersionDate "2022.10.05"]
[SourceQuality "1"]

1. e4 c5 2. c3 Nf6 3. e5 Nd5 4. d4 cxd4 5. cxd4 e6 6. Nf3 d6 7. Bc4 Bd7 8. Bxd5 exd5 9. Nc3 dxe5 10. dxe5 Be6 11. 0-0 Be7 12. Be3 Nc6 13. h3 0-0 14. Nb5 Qd7 15. Nbd4 f6 16. Nxe6 Qxe6 17. exf6 Bxf6 18. Nd4 Bxd4 19. Bxd4 Rf4 20. Re1 Qf7 21. Be3 Re4 22. Bc5 Rxe1+ 23. Qxe1 d4 24. b3 Re8 25. Qd2 Qd5 26. Ba3 h6 27. Rd1 a6 28. Qd3 Qa5 29. b4 Qd5 30. Bc1 Nxb4 31. Qb1 Nxa2 32. Bb2 Qb3 33. Rxd4 Qe6 34. Rd1 b5 35. Qd3 b4 36. Qg3 Qf7 37. Rd6 Nc3 38. Bxc3 bxc3 39. Qxc3 Re6 40. Rxa6 Re8 41. Rc6 Qf5 42. Qb3+ Kh7 43. Qc2 Qxc2 44. Rxc2 Re4 45. Rc6 h5 46. f3 Ra4 47. Re6 g6 48. Re4 Ra2 49. h4 Kg7 50. Kh2 Kf6 51. Rb4 Kf5 52. Kg3 Rc2 53. Rf4+ Ke5 54. Rf8 Ke6 55. Kh3 Ke7 56. Rf4 Rc1 57. g4 hxg4+ 58. fxg4 Rc3+ 59. Kg2 Ra3 60. g5 Rb3 61. Rf3 Rb1 62. Rf6 Rb2+ 63. Kg3 Rb3+ 64. Kg4 Rb4+ 65. Rf4 Rb1 1/2-1/2

[Event "Chigorin Memorial 28th"]
[Site "St Petersburg"]
[Date "2021.10.30"]
[Round "8"]
[White "Popov, Maksim1"]
[Black "Slastikhin, Vladislav"]
[Result "1-0"]
[WhiteElo "2179"]
[BlackElo "2021"]
[PlyCount "135"]
[EventDate "2021.10.23"]
[EventType "swiss"]
[EventRounds "9"]
[EventCountry "RUS"]
[SourceTitle "EXT 2023"]
[Source "ChessBase"]
[SourceDate "2022.10.05"]
[SourceVersion "1"]
[SourceVersionDate "2022.10.05"]
[SourceQuality "1"]

1. Nf3 d5 2. g3 Nf6 3. Bg2 e6 4. 0-0 Be7 5. d3 0-0 6. Qe1 Nc6 7. e4 dxe4 8. dxe4 e5 9. Bg5 Be6 10. Qe2 Nd4 11. Nxd4 Qxd4 12. c3 Qb6 13. b3 Rad8 14. Nd2 Rd7 15. Rfd1 Rfd8 16. Bf3 Qa5 17. Rac1 Qxa2 18. Ra1 Qc2 19. Rxa7 Bxb3 20. Qe1 Be6 21. Rxb7 Bc5 22. Rc1 Qd3 23. Be2 Qd6 24. Rb5 h6 25. Bxf6 gxf6 26. Nc4 Bxc4 27. Bxc4 Qc6 28. Qf1 Rd2 29. Bxf7+ Kg7 30. Qc4 Bxf2+ 31. Kh1 Qxc4 32. Bxc4 Bb6 33. Bd5 f5 34. c4 fxe4 35. Bxe4 Bd4 36. Rb7 Rd7 37. Bd5 e4 38. Bxe4 Rf7 39. Rb5 Re2 40. Bd3 Rd2 41. Be4 Re2 42. Bb7 c5 43. Bg2 Rff2 44. Rb7+ Kf6 45. Rf1 Rxf1+ 46. Bxf1 Rf2 47. Bg2 Kg5 48. Rb8 Re2 49. Bd5 Re1+ 50. Kg2 Re2+ 51. Kh3 Bg1 52. Bg2 Rc2 53. Rg8+ Kf5 54. Rf8+ Kg5 55. Rf1 Bd4 56. Be4 Rf2 57. Rb1 Rb2 58. Re1 Bf2 59. Rf1 Re2 60. Bh7 Rd2 61. Rb1 Bd4 62. Rb6 h5 63. Be4 Bf6 64. Rc6 Re2 65. Rxc5+ Kh6 66. Rxh5+ Kxh5 67. Bf3+ Kg5 68. Bxe2 1-0

[Event "St Petersburg Amir Cup Blitz"]
[Site "St Petersburg"]
[Date "2021.05.23"]
[Round "4"]
[White "Slastikhin, Vladislav"]
[Black "Shpartko, Grigory"]
[Result "0-1"]
[WhiteElo "2056"]
[BlackElo "2124"]
[PlyCount "84"]
[EventDate "2021.05.23"]
[EventType "swiss (blitz)"]
[EventRounds "11"]
[EventCountry "RUS"]
[SourceTitle "CBM 202 Extra"]
[Source "ChessBase"]
[SourceDate "2021.07.31"]
[SourceVersion "1"]
[SourceVersionDate "2021.07.31"]
[SourceQuality "1"]

1. e4 c5 2. c3 d6 3. d4 Nd7 4. Bd3 e5 5. Nf3 Be7 6. 0-0 Ngf6 7. Qe2 0-0 8. Rd1 Qc7 9. Na3 a6 10. dxe5 dxe5 11. Nc4 b5 12. Ne3 Nb6 13. Bc2 Be6 14. Ng5 Bc4 15. Bd3 h6 16. Bxc4 hxg5 17. Bd3 g6 18. Ng4 Nh5 19. g3 Rad8 20. Be3 Kg7 21. f3 c4 22. Bc2 Bc5 23. Bxc5 Qxc5+ 24. Qe3 Qxe3+ 25. Nxe3 Nf6 26. Kf2 Rh8 27. Kg2 Rhe8 28. a4 Rxd1 29. Rxd1 bxa4 30. Rd6 Nfd7 31. Nd5 Nxd5 32. exd5 Nc5 33. Rc6 Nd3 34. Bxa4 Rb8 35. g4 Rxb2+ 36. Kg1 Ne1 37. d6 Nxf3+ 38. Kf1 Nxh2+ 39. Ke1 Nf3+ 40. Kf1 e4 41. d7 e3 42. Bd1 Rf2# 0-1

[Event "Chigorin Memorial 27th"]
[Site "St Petersburg"]
[Date "2019.10.13"]
[Round "9"]
[White "Slastikhin, Vladislav"]
[Black "Tsaruk, Maksim"]
[Result "1/2-1/2"]
[WhiteElo "1980"]
[BlackElo "2230"]
[PlyCount "116"]
[EventDate "2019.10.05"]
[EventType "swiss"]
[EventRounds "9"]
[EventCountry "RUS"]
[SourceTitle "EXT 2021"]
[Source "ChessBase"]
[SourceDate "2020.10.23"]
[SourceVersion "1"]
[SourceVersionDate "2020.10.23"]
[SourceQuality "1"]

1. d4 Nf6 2. Nf3 b6 3. g3 Bb7 4. Bg2 g6 5. c4 Bg7 6. 0-0 0-0 7. d5 e6 8. Nc3 exd5 9. cxd5 d6 10. e4 Re8 11. Nd4 Qd7 12. Bf4 Na6 13. Re1 Nxd5 14. exd5 Rxe1+ 15. Qxe1 Bxd4 16. Qd2 Bg7 17. Rc1 Re8 18. Bh6 Bh8 19. Rd1 Qf5 20. Nb5 Qe5 21. b4 Qe2 22. Qxe2 Rxe2 23. a3 Bg7 24. Bxg7 Kxg7 25. Nxa7 Ra2 26. Nb5 Kf6 27. Bf3 Ke7 28. Kg2 Kd8 29. Rd3 Bc8 30. Nd4 Nb8 31. Rc3 Bd7 32. g4 Rd2 33. Nb3 Ra2 34. Nc1 Ra1 35. Ne2 Rd1 36. h3 Ba4 37. Ng3 Rd4 38. Ne4 Nd7 39. Ng5 Ne5 40. Nxh7 Nxf3 41. Rxf3 Rxd5 42. h4 c5 43. bxc5 bxc5 44. Nf6 Rd4 45. Kg3 Bc6 46. Re3 g5 47. h5 Rf4 48. Ng8 f5 49. gxf5 Rh4 50. Re6 Rxh5 51. Rxd6+ Kc7 52. Rh6 Rxh6 53. Nxh6 c4 54. Ng4 c3 55. Ne3 Be4 56. Kg4 c2 57. Nxc2 Bxc2 58. Kxg5 Kd7 1/2-1/2

[Event "St Petersburg Korchnoi Memorial op"]
[Site "St Petersburg"]
[Date "2019.08.22"]
[Round "9"]
[White "Slastikhin, Vladislav"]
[Black "Kombar, Mariya"]
[Result "1-0"]
[WhiteElo "1986"]
[BlackElo "1804"]
[PlyCount "85"]
[EventDate "2019.08.14"]
[EventType "swiss"]
[EventRounds "9"]
[EventCountry "RUS"]
[SourceTitle "CBM 192"]
[Source "ChessBase"]
[SourceDate "2019.10.31"]
[SourceVersion "1"]
[SourceVersionDate "2019.10.31"]
[SourceQuality "1"]

1. d4 Nf6 2. c4 g6 3. Nc3 Bg7 4. e4 d6 5. Nf3 0-0 6. Be2 Nc6 7. 0-0 e5 8. d5 Ne7 9. Ne1 Nd7 10. Be3 f5 11. f3 a5 12. a3 f4 13. Bf2 Nf6 14. b4 axb4 15. axb4 Rxa1 16. Qxa1 g5 17. Qa5 Bd7 18. c5 g4 19. cxd6 cxd6 20. Nb5 gxf3 21. gxf3 Qe8 22. Nxd6 Qg6+ 23. Kh1 Bh3 24. Rg1 Qh6 25. Qc7 Ng6 26. Nf5 Bxf5 27. exf5 Ne8 28. Qd7 Nh4 29. Qe6+ Qxe6 30. fxe6 Nf5 31. Bc5 Rf6 32. Bd3 Nfd6 33. Be4 Kh8 34. Nd3 Rf8 35. Nf2 Bf6 36. Ra1 h5 37. Ra8 Kg7 38. Bc2 Rh8 39. Ne4 Be7 40. Rxe8 Rxe8 41. Bxd6 Bh4 42. Bxe5+ Kf8 43. Bxf4 1-0

[Event "St Petersburg Korchnoi Memorial op"]
[Site "St Petersburg"]
[Date "2019.08.15"]
[Round "2"]
[White "Vozmilov, Lev"]
[Black "Slastikhin, Vladislav"]
[Result "1/2-1/2"]
[WhiteElo "1681"]
[BlackElo "1986"]
[PlyCount "83"]
[EventDate "2019.08.14"]
[EventType "swiss"]
[EventRounds "9"]
[EventCountry "RUS"]
[SourceTitle "CBM 192"]
[Source "ChessBase"]
[SourceDate "2019.10.31"]
[SourceVersion "1"]
[SourceVersionDate "2019.10.31"]
[SourceQuality "1"]

1. e4 e5 2. Nf3 Nc6 3. Bb5 a6 4. Ba4 Nf6 5. Bxc6 dxc6 6. d3 Bd6 7. Nbd2 Be6 8. b3 0-0 9. Nc4 Nd7 10. Bb2 f6 11. 0-0 Qe7 12. Qe2 Rf7 13. Rae1 Nf8 14. Nh4 Qd7 15. Bc1 g5 16. Nf3 Ng6 17. Be3 Rg7 18. Nfd2 Kh8 19. Nxd6 cxd6 20. c4 Rag8 21. f3 Nf4 22. Qd1 Nxd3 23. Re2 Nf4 24. Bxf4 gxf4 25. Nb1 Qc7 26. Nc3 Rg5 27. Rff2 R5g7 28. Rd2 Rd7 29. Rd3 Rgd8 30. Rfd2 Bf7 31. h3 b5 32. cxb5 axb5 33. Kh2 Bc4 34. bxc4 bxc4 35. Nd5 cxd5 36. Rxd5 c3 37. Rc2 Ra8 38. Rd3 Ra3 39. Qa1 Qa5 40. Rdxc3 Rxc3 41. Qxc3 Qxc3 42. Rxc3 1/2-1/2

[Event "St Petersburg Korchnoi Memorial op"]
[Site "St Petersburg"]
[Date "2018.08.20"]
[Round "6"]
[White "Slastikhin, Vladislav"]
[Black "Grubova, Sofia"]
[Result "1/2-1/2"]
[WhiteElo "1888"]
[BlackElo "1635"]
[PlyCount "115"]
[EventDate "2018.08.15"]
[EventType "swiss"]
[EventRounds "9"]
[EventCountry "RUS"]
[SourceTitle "CBM 186 Extra"]
[Source "ChessBase"]
[SourceDate "2018.08.24"]
[SourceVersion "1"]
[SourceVersionDate "2018.08.24"]
[SourceQuality "1"]

1. d4 Nf6 2. Nf3 g6 3. c4 Bg7 4. Nc3 0-0 5. g3 d5 6. cxd5 Nxd5 7. Bg2 c5 8. e3 Nc6 9. 0-0 Nxc3 10. bxc3 cxd4 11. cxd4 e5 12. Ba3 Re8 13. Nxe5 Nxe5 14. dxe5 Qa5 15. Bd6 Bxe5 16. Bxe5 Qxe5 17. Qd4 Qe7 18. Rab1 Rd8 19. Qf4 g5 20. Qf3 Rb8 21. Qh5 Rd6 22. Rb5 h6 23. Rfb1 a6 24. Rb6 Kg7 25. Rxd6 Qxd6 26. Rd1 Qf6 27. Rd4 Bf5 28. Qd1 Qe7 29. Rd6 Be6 30. Qd2 Qf6 31. Bd5 Re8 32. Bxe6 Rxe6 33. Rd7 Rb6 34. Qd5 Rb2 35. Qd4 Qxd4 36. exd4 b5 37. a4 bxa4 38. Rd6 a5 39. Rd5 Rb4 40. Rxa5 Rxd4 41. Kg2 g4 42. h3 gxh3+ 43. Kxh3 Kg6 44. f3 f5 45. Ra6+ Kg7 46. Ra7+ Kf6 47. Ra6+ Kg7 48. Ra7+ Kf8 49. f4 Re4 50. Ra5 Ke7 51. Rxf5 Re1 52. Ra5 Ra1 53. Ra6 a3 54. Kg2 a2 55. g4 Kf7 56. g5 hxg5 57. fxg5 Kg7 58. g6 1/2-1/2

[Event "Yaroslav the Wise op"]
[Site "Yaroslavl"]
[Date "2018.07.22"]
[Round "3"]
[White "Ovchinnikov, Yury"]
[Black "Slastikhin, Vladislav"]
[Result "1-0"]
[WhiteElo "2200"]
[BlackElo "1888"]
[PlyCount "45"]
[EventDate "2018.07.20"]
[EventType "swiss"]
[EventRounds "9"]
[EventCountry "RUS"]
[SourceTitle "CBM 186 Extra"]
[Source "ChessBase"]
[SourceDate "2018.08.24"]
[SourceVersion "1"]
[SourceVersionDate "2018.08.24"]
[SourceQuality "1"]

1. d4 d5 2. Nf3 Nf6 3. c4 e6 4. Nc3 c6 5. cxd5 exd5 6. Bg5 Be7 7. e3 Bf5 8. Bd3 Bxd3 9. Qxd3 Nbd7 10. 0-0 0-0 11. Nd2 Re8 12. Rab1 Ne4 13. Bxe7 Qxe7 14. Ncxe4 dxe4 15. Qc2 c5 16. Nb3 Rac8 17. dxc5 Nxc5 18. Rbc1 Nxb3 19. Qxc8 Nxc1 20. Rxc1 Rxc8 21. Rxc8+ Qf8 22. Rd8 Qe8 23. Rxe8# 1-0

[Event "Voronezh op-B 22nd"]
[Site "Voronezh"]
[Date "2018.06.14"]
[Round "3"]
[White "Novikov, Sergey D"]
[Black "Slastikhin, Vladislav"]
[Result "1-0"]
[WhiteElo "2180"]
[BlackElo "1846"]
[PlyCount "123"]
[EventDate "2018.06.12"]
[EventType "swiss"]
[EventRounds "9"]
[EventCountry "RUS"]
[SourceTitle "CBM 185 Extra"]
[Source "ChessBase"]
[SourceDate "2018.07.29"]
[SourceVersion "1"]
[SourceVersionDate "2018.07.29"]
[SourceQuality "1"]

1. d4 d5 2. c4 e6 3. Nf3 Nf6 4. g3 c5 5. cxd5 exd5 6. Bg2 Nc6 7. 0-0 Be7 8. Nc3 0-0 9. dxc5 Bxc5 10. a3 a5 11. Bg5 Be6 12. Rc1 Ba7 13. Qd3 h6 14. Bf4 Rc8 15. Nb5 Bb8 16. Be3 Re8 17. Nbd4 Ng4 18. Nxc6 bxc6 19. Bc5 Ne5 20. Qa6 Nxf3+ 21. Bxf3 Be5 22. b3 Bd6 23. Rc3 Be5 24. Rcc1 Bd6 25. Rfd1 Rb8 26. Qxc6 Bxc5 27. Qxc5 Rxb3 28. Bxd5 Bxd5 29. Rxd5 Qe7 30. Qxe7 Rxe7 31. Rd3 Reb7 32. Rc8+ Kh7 33. Rc5 Rxd3 34. exd3 a4 35. Rc4 Rb3 36. Rxa4 Rxd3 37. Kg2 g6 38. Kh3 Rf3 39. Kg2 Rb3 40. Kf1 Rb2 41. Re4 Ra2 42. Re3 h5 43. Kg2 Kg7 44. Kf3 Kf6 45. Rd3 Kg7 46. Ke3 Kf6 47. h3 Kg7 48. f4 Rh2 49. h4 Rb2 50. Kd4 Kf6 51. Kc4 Kf5 52. a4 Ke4 53. Rb3 Ra2 54. Kb5 Kd5 55. a5 Kd6 56. Kb6 Kd7 57. a6 Kc8 58. a7 Ra1 59. Rb5 Ra3 60. Ra5 Rxa5 61. Kxa5 Kb7 62. Kb5 1-0